Design and testing of electrical machines (Record no. 23295)

000 -LEADER
fixed length control field 00477nam a22001817a 4500
001 - CONTROL NUMBER
control field 23295
003 - CONTROL NUMBER IDENTIFIER
control field BD-DhUET
008 - FIXED-LENGTH DATA ELEMENTS--GENERAL INFORMATION
fixed length control field 150503b xxu||||| |||| 00| 0 eng d
040 ## - CATALOGING SOURCE
Original cataloging agency DLC
Transcribing agency DLC
Modifying agency BD-DhUET
082 ## - DEWEY DECIMAL CLASSIFICATION NUMBER
Classification number 623.13072
Item number DES/1983
100 ## - MAIN ENTRY--PERSONAL NAME
Personal name Deshpande, M. V.
245 ## - TITLE STATEMENT
Title Design and testing of electrical machines
250 ## - EDITION STATEMENT
Edition statement 1st ed.
260 ## - PUBLICATION, DISTRIBUTION, ETC. (IMPRINT)
Place of publication, distribution, etc. Allahabad
Name of publisher, distributor, etc. Wheeler
Date of publication, distribution, etc. 1983
300 ## - PHYSICAL DESCRIPTION
Extent xvi, 516 p.
Other physical details ill.
650 #0 - SUBJECT ADDED ENTRY--TOPICAL TERM
Topical term or geographic name as entry element Electrical machinery experiments
942 ## - ADDED ENTRY ELEMENTS (KOHA)
Koha item type General Book
Holdings
Koha full call number Not for loan Copy number Sublocation or collection (holding branch) Damaged status Price effective from Koha item type Location (home branch) Date acquired Piece designation (barcode) Shelving location Lost status Koha date last seen Koha normalized classification for sorting Withdrawn status Source of classification or shelving scheme
623.13072/DES/1983 1Central Library, BUET 2015-05-03General BookCentral Library, BUET2015-05-0372434Circulation section 2015-05-03623_130720000000000_DES_1983  
623.13072/DES/1983 2Central Library, BUET 2015-05-03General BookCentral Library, BUET2015-05-0372432Circulation section 2015-05-03623_130720000000000_DES_1983  
623.13072/DES/1983 3Central Library, BUET 2015-05-03General BookCentral Library, BUET2015-05-0372431Circulation section 2016-04-11623_130720000000000_DES_1983  
623.13072/DES/1983 4Central Library, BUET 2015-05-03General BookCentral Library, BUET2015-05-0372433Circulation section 2015-05-03623_130720000000000_DES_1983  
623.13072/DES/1983 5Central Library, BUET 2015-06-28Reading ItemCentral Library, BUET2015-06-2872435Reading section 2015-06-28623_130720000000000_DES_1983  
623.13072/DES/1983 6Central Library, BUET 2015-06-28Reading ItemCentral Library, BUET2015-06-2872683Reading section 2015-06-28623_130720000000000_DES_1983